Understanding engineering mathematics / (Record no. 460)

MARC details
000 -LEADER
fixed length control field 01132nam a2200313Ia 4500
003 - CONTROL NUMBER IDENTIFIER
control field OCoLC
005 - DATE AND TIME OF LATEST TRANSACTION
control field 20220331161130.0
008 - FIXED-LENGTH DATA ELEMENTS--GENERAL INFORMATION
fixed length control field 011126s2001 enk 001 0 eng
020 ## - INTERNATIONAL STANDARD BOOK NUMBER
International Standard Book Number 0750650982
Qualifying information (pbk.)
035 ## - SYSTEM CONTROL NUMBER
System control number GSU03049
040 ## - CATALOGING SOURCE
Original cataloging agency LCC
Language of cataloging english
Transcribing agency GSU
Modifying agency GSU
Description conventions rda
050 ## - LIBRARY OF CONGRESS CALL NUMBER
Classification number TA330
Item number COX
082 04 - DEWEY DECIMAL CLASSIFICATION NUMBER
Classification number 510.2462
Edition number 21
Item number COX
082 04 - DEWEY DECIMAL CLASSIFICATION NUMBER
Classification number 510.2462
Edition number 22
100 1# - MAIN ENTRY--PERSONAL NAME
Personal name Cox, Bill,
Dates associated with a name 1945-
Authority record control number or standard number http://id.loc.gov/authorities/names/nb98028750.
245 10 - TITLE STATEMENT
Title Understanding engineering mathematics /
Statement of responsibility, etc. Bill Cox.
264 #1 - PRODUCTION, PUBLICATION, DISTRIBUTION, MANUFACTURE, AND COPYRIGHT NOTICE
Place of production, publication, distribution, manufacture Oxford :
Name of producer, publisher, distributor, manufacturer Newnes,
Date of production, publication, distribution, manufacture, or copyright notice 2001.
300 ## - PHYSICAL DESCRIPTION
Extent xii, 533 pages ;
Dimensions 25 cm.
336 ## - CONTENT TYPE
Content type term text
Content type code txt
Source rdacontent.
337 ## - MEDIA TYPE
Media type term unmediated
Media type code n
Source rdamedia.
338 ## - CARRIER TYPE
Carrier type term volume
Carrier type code nc
Source rdacarrier.
500 ## - GENERAL NOTE
General note Includes index.
504 ## - BIBLIOGRAPHY, ETC. NOTE
Bibliography, etc. note Includes index
505 ## - FORMATTED CONTENTS NOTE
Formatted contents note Number and arithmetic, Algebra, Functions and series, Geometry of lines triangles and circles
650 #0 - SUBJECT ADDED ENTRY--TOPICAL TERM
Topical term or geographic name entry element Engineering mathematics.
Authority record control number or standard number http://id.loc.gov/authorities/subjects/sh85043235.
650 #0 - SUBJECT ADDED ENTRY--TOPICAL TERM
Topical term or geographic name entry element Engineering mathematics
Form subdivision Problems, exercises, etc.
Authority record control number or standard number http://id.loc.gov/authorities/subjects/sh2009124940.
942 ## - ADDED ENTRY ELEMENTS (KOHA)
Source of classification or shelving scheme Library of Congress Classification
Koha item type Books
Suppress in OPAC No
Holdings
Withdrawn status Lost status Source of classification or shelving scheme Damaged status Not for loan Home library Current library Shelving location Date acquired Source of acquisition Inventory number Total Checkouts Full call number Barcode Date last seen Copy number Price effective from Koha item type
    Library of Congress Classification     GSU Library Epoch GSU Library Epoch General Stacks 31/03/2022 NUST library donation 03049   TA330COX 50000000024 31/03/2022 2001 31/03/2022 Books